000 00621nam a22002297a 4500
003 UA-OsUOA
001 95066
007 ta
008 20130225b un ||||| |||| 00| 0 ukr d
100 _aИвашкевич Я.
090 _a821.162.1
_bИ24
942 _cBK
040 _aUA-OsUOA
_brus
_cUA-OsUOA
_dUA-OsUOA
245 _aКрасные щиты. Мать Иоанна от Ангелов
300 _a480 с.
955 _a3
041 _arus
080 _a821.162.1
260 _aМ.
_bПравда
_c1988
650 7 _a82 Література. Літературознавство
_2UDC
999 _c381309
_d381309